| 000 | 00888nam a22002897a 4500 | ||
|---|---|---|---|
| 003 | CHAP | ||
| 005 | 20220329143643.0 | ||
| 008 | 101118s1989 us a r 00010 eng d | ||
| 010 | _a99870 | ||
| 011 | _a100842 | ||
| 020 | _a051768781X | ||
| 035 | _a111528 | ||
| 040 | _cCHAP | ||
| 082 | 1 | 4 |
_a423 _bW39 |
| 245 | 0 | 0 |
_aWebster's encyclopedic unabridged dictionary of the english language _c/por Dilithium Press, Ltd. |
| 260 |
_aNew York : _bGramercy Books, _cc1989 |
||
| 300 |
_a1854 p. : _bilus. |
||
| 590 |
_aBATCH-UPD _b10 _c20130110 _lUCH01 _h1903 |
||
| 590 |
_aBATCH-UPD _b10 _c20130410 _lUCH01 _h1230 |
||
| 590 |
_aBATCH-UPD _b10 _c20130914 _lUCH01 _h1642 |
||
| 590 |
_aCONVERSION _b10 _c20130109 _lUCH01 _h1355 |
||
| 650 | 1 | 4 |
_aInglés _xDiccionarios. _958332 |
| 901 | _aBK | ||
| 911 | _aen proceso | ||
| 942 | _cLIBRO | ||
| 949 |
_a423 W39 _bBC _cC _d33724002200801 _eC _h113831 _i111528 _sb |
||
| 999 |
_c99870 _d99870 |
||